Pe marginea monografiei Mahomet II, le conquérant et son temps (1432-1481), de F. Babinger critică /

Elmentve itt :
Bibliográfiai részletek
Szerző: Guboglo Mihail Nikolaevič
További közreműködők: Babinger Franz
Dokumentumtípus: Cikk
Megjelent: Ed. Academiei Republicii Populare Romîne București 1958
Sorozat:Studii revistǎ de istorie
Tárgyszavak:
Online Access:http://misc.bibl.u-szeged.hu/62609
LEADER 00897nab a2200229 i 4500
001 misc62609
005 20221103093004.0
008 220329s1958 hu o 0|| rum d
040 |a SZTE Miscellanea Repozitórium  |b hun 
041 |a rum 
100 1 |a Guboglo Mihail Nikolaevič 
245 1 0 |a Pe marginea monografiei Mahomet II, le conquérant et son temps (1432-1481), de F. Babinger   |h [elektronikus dokumentum] :  |b critică /  |c  Guboglo Mihail Nikolaevič 
260 |a Ed. Academiei Republicii Populare Romîne  |b București  |c 1958 
300 |a 195-212  |c 24 cm 
490 0 |a Studii revistǎ de istorie 
561 |a Németh Gyula hagyaték 
591 |a NOA 2040 
650 4 |a Bölcsészettudományok 
650 4 |a Történettudomány és régészet 
650 4 |a Nyelvek és irodalom 
700 0 1 |a Babinger Franz 
856 4 0 |u http://misc.bibl.u-szeged.hu/62609/1/2040_noa_g70.pdf  |z Dokumentum-elérés